La música de los Estados Unidos de América
Sparad:
| Huvudupphovsman: | |
|---|---|
| Materialtyp: | Bok |
| Språk: | spanska |
| Publicerad: |
Santiago
Zig-Zag
1956
|
| Ämnen: | |
| Taggar: |
Lägg till en tagg
Inga taggar, Lägg till första taggen!
|
MARC
| LEADER | 00000nam a2200000 a 4500 | ||
|---|---|---|---|
| 001 | UCN3005 | ||
| 003 | CL-VaPUC | ||
| 008 | 010615e19560000CL |||||||||||||||||spa|d | ||
| 082 | 0 | 4 | |a 780.973 |b CHA |2 21 |
| 100 | 0 | |a Chase, Gilbert |e author |9 459387 | |
| 245 | 1 | 3 | |a La música de los Estados Unidos de América |
| 300 | |a 19 p | ||
| 942 | |c BK | ||
| 945 | |d 20010615 00:00:00 |a crobeson | ||
| 260 | |a Santiago |b Zig-Zag |c 1956 | ||
| 650 | 0 | |a Música estadounidense |9 442873 | |
| 650 | 7 | |a MUSICA HISTORIA |2 CL-VaPUC |9 306301 | |
| 650 | 7 | |a COMPOSITORES ESTADOUNIDENSES |2 CL-VaPUC |9 459388 | |
| 583 | |a last modification |c 20010615 00:00:00 |k Rodrigo Vera | ||
| 999 | |c 296020 |d 296018 | ||
| 952 | |0 0 |1 0 |4 0 |6 780_973000000000000_CHA_1956 |7 0 |8 A |9 349499 |a BIBEDU |b BIBEDU |d 2019-11-20 |i 1187260 |o 780.973 CHA 1956 |p 1187260 |r 2023-01-12 |w 2019-11-20 |y BK |k MUS | ||